| 000 | 00756nam a2200229Ia 4500 | ||
|---|---|---|---|
| 003 | GCL | ||
| 008 | 140319s9999 xx 000 0 ara d | ||
| 020 | _a9071809977 | ||
| 040 |
_aGCL / _cGCL |
||
| 082 | 0 | 4 |
_aق _b363.7 _bع ق |
| 100 | 1 | _aعصام الحناوى | |
| 245 | 1 | 0 |
_aقضايا البيئة والتنمية في مصر : _bالاوضاع الراهنة وسيناريوهات مستقبلية حتى عام 2020 / _cعصام الحناوى |
| 260 |
_aالقاهرة : _bدار الشروق ، _c2001 |
||
| 300 |
_a213ص ؛ _c22 سم |
||
| 490 | _a | ||
| 650 | 0 | 4 | _aمصر |
| 650 | 0 | 4 | _aالبيئة |
| 650 | 0 | 4 | _aتلوث البيئة |
| 650 | 0 | 4 | _aالرأسمالية |
| 650 | 0 | 4 | _aالاشتراكية - مصر |
| 942 |
_2ddc _cBK |
||
| 999 |
_c52470 _d52470 |
||